000 00962nam a2200265Ia 4500
003 GCL
008 140319s9999 xx 000 0 ara d
020 _a654509953
040 _aGCL /
_cGCL
082 0 4 _a370.15
_bم ت
100 1 _aعبدالله عبدالدائم
245 1 0 _aالتربية والتنوير فى تنمية المجتمع العربى /
_cعبدالله عبدالدائم
700 1 _aمصطفى محسن
250 _aالاولى
260 _aبيروت :
_bمركز دراسات الوحدة العربية ،
_c2005
300 _a230ص ؛
_c24 سم
490 _aسلسلة كتب المستقبل العربى
_v39
650 0 4 _aالتعليم
650 0 4 _aالتعليم العالى
650 0 4 _aعلم النفس التربوى
650 0 4 _aالفروق الفردية فى التعليم
650 0 4 _aالتعليم - العالم العربى
650 0 4 _aالتعليم والتراث
942 _2ddc
_cBK
999 _c7493
_d7493